000 00691nam0a22002411 4500
001 RU\NLR\INFOCOMM17\ROSSICA\1000307558
005 20250613191246.0
035 _a(NLR Aleph) 009929940
090 _a10712191
_c10712191
100 _a20030929d1912 |||y0rusy50 ca
101 0 _ager
102 _aRU
105 _ay ||||000ay
200 1 _aGeschichte der Schulen der evangelisch.lutherischen St.Petri-Kirche in St.Petersburg
_fSteinberg, Alfred
210 _aSt.Petersb.
_d1912
700 1 _aSteinberg
_bA.
_gAlfred
_4070
801 1 _aRU
_bInfoComm
_c20030929
801 0 _aRU
_bNLR
_gPSBO
852 _aNLR
_j12.60.2.13bis
942 _cBOOK
980 _aNB
980 _aRossica